00267nam a22001217a 4500008004100000020001800041041000800059080000800067082000800075100000700083101000800090245004700098210427b ||||| |||| 00| 0 eng d a9780697121448 aeng a541 a541 a12 aKIM aGeneral ChemistrycUno Kask, J. David Rawn